000 00954nam1a22002651 4500
001 RU\NLR\A1SV\123989
005 20251203171251.9
035 _a(NLR Aleph) 010444653
090 _a9903815
_c9903815
100 _a20251214 rusy50
101 0 _arus
102 _aRU
200 1 _aОтчет Управления государственной каменноугольной промышленности Донецкого бассейна...
_fВСНХ. Гл. упр. по топливу У.Г.К.П.
210 _a[Харьков]
_cРед. комис. У.Г.К.П.
_d[1923-1924]
215 _d30 см
620 _dХарьков
710 0 1 _aСССР.
_bУпр. гос. каменноугольной промышленности Донецкого бассейна
801 0 _aRU
_bNLR
_c20020427
852 _aNLR
_j33/198
899 _aРГГУ
899 _aРГБ
942 _cBOOK
980 _aNB
980 _aA1SV